ဗုဒ္ဓဘာသာလက်စွဲကျမ်း၊ ပထမတွဲ / (Record no. 39795)

000 -LEADER
fixed length control field 00941nam a22001937a 4500
005 - DATE AND TIME OF LATEST TRANSACTION
control field 20241001154612.0
008 - FIXED-LENGTH DATA ELEMENTS--GENERAL INFORMATION
fixed length control field 240815b ||||| |||| 00| 0 eng d
040 ## - CATALOGING SOURCE
Transcribing agency SSBUL
041 ## - LANGUAGE CODE
Language code of text/sound track or separate title Myanmar
082 ## - DEWEY DECIMAL CLASSIFICATION NUMBER
Edition number 23
Classification number ၂၉၄.၃၀၂ အံ့
Item number ၁၃၆၃၇ S-KZN
100 0# - MAIN ENTRY--PERSONAL NAME
Personal name အံ့၊ မောင်၊ မဟာဝိဇ္ဇာ၊ ဘုံဘေ
9 (RLIN) 52268
245 10 - TITLE STATEMENT
Title ဗုဒ္ဓဘာသာလက်စွဲကျမ်း၊ ပထမတွဲ /
Statement of responsibility, etc. မောင်အံ့။
260 ## - PUBLICATION, DISTRIBUTION, ETC.
Place of publication, distribution, etc. ရန်ကုန် ၊
Name of publisher, distributor, etc. သာသနာရေးဦးစီးဌာန၊
Date of publication, distribution, etc. ၁၉၉၁။
300 ## - PHYSICAL DESCRIPTION
Extent ငီ၊ ၇၅၁ စာ ၊
Dimensions ၂၅ စင်တီ။
500 ## - GENERAL NOTE
General note S-KZN: Prof. Kyaw Zaw Naing<br/>S-SAT: Dr Sai Aung Tun collection<br/>
General note အက္ခရာစဉ်အညွန်းပါသည်။
650 ## - SUBJECT ADDED ENTRY--TOPICAL TERM
Topical term or geographic name entry element ဗုဒ္ဓဘာသာ
General subdivision လက်စွဲ။
9 (RLIN) 52269
942 ## - ADDED ENTRY ELEMENTS (KOHA)
Source of classification or shelving scheme
Koha item type Book (Short term)
Holdings
Withdrawn status Lost status Source of classification or shelving scheme Damaged status Not for loan Collection code Permanent Location Current Location Shelving location Date acquired Total Checkouts Full call number Barcode Date last seen Price effective from Koha item type Accession
          Special Collections Shan State Buddhist University Library Shan State Buddhist University Library Special Collection Shelves 15/08/2024   ၂၉၄.၃၀၂ အံ့ ၁၃၆၃၇ S-KZN MB00013637 15/08/2024 15/08/2024 Book (Short term) ၁၃၆၃၇ S-KZN
          Special Collections Shan State Buddhist University Library Shan State Buddhist University Library Special Collection Shelves 15/08/2024   ၂၉၄.၃၀၂ အံ့ ၉၁၂၅ S-SAT MB00009125 01/10/2024 15/08/2024 Book (Short term) ၉၁၂၅ S-SAT

Library - 09407999929
Admin Office - 09407999979
Dean Office - 09250910768
Registrar Office - 09892297154
Email - [email protected]
Shan State Buddhist University, Phaya Phyu Taunggyi, Shan State, Myanmar.